The demography of Roman Egypt
Saved in:
| Main Author: | |
|---|---|
| Other Authors: | |
| Format: | Book |
| Language: | English |
| Published: |
Cambridge :
Cambridge University Press,
1994
|
| Series: | Cambridge studies in population, economy and society in past time ;
; 23 εκ. |
| Subjects: | |
| Tags: |
Add Tag
No Tags, Be the first to tag this record!
|
MARC
| LEADER | 00000nam a2200000 i 4500 | ||
|---|---|---|---|
| 001 | 1/89668 | ||
| 008 | 080625r19951994 eng d | ||
| 020 | |a 978-0-521-02596-6 | ||
| 020 | |a 0-521-46123-5 | ||
| 035 | |l 10098429 | ||
| 040 | |a GR-MY-UA |b gre |e aacr | ||
| 041 | 0 | |a eng | |
| 082 | 0 | |a 304.60932 |2 (22) | |
| 100 | 1 | |a Bagnall, Roger S. | |
| 245 | 1 | 4 | |a The demography of Roman Egypt / |c Roger S. Bagnall, Bruce Woodward Frier |
| 260 | |a Cambridge : |b Cambridge University Press, |c 1994 | ||
| 300 | |a xix, 368 σ.; |b σχ.; |c 23 εκ. | ||
| 490 | 1 | |a Cambridge studies in population, economy and society in past time |v ; 23 | |
| 504 | |a Βιβλιογραφία: σ. 359-362 | ||
| 504 | |a Ευρετήριο: σ. 363-368 | ||
| 650 | 0 | 0 | |a Demography |x History. |
| 651 | 0 | |a Egypt |x Population |y History. | |
| 651 | 0 | |a Egypt |x Census |x History. | |
| 700 | 1 | |a Frier, Bruce W. |d 1943- | |
| 830 | 0 | |a Cambridge studies in population, economy and society in past time ; |v ; 23 εκ. | |
| 852 | |a INST |b LESVOS |e 20080625 |h 304.60932 BAG |p 005100042653 |q 005100042653 |t BK |y 0 | ||
| 901 | |a BIBL1-2008-2 | ||
| 909 | |a Λ |b 145017 | ||
| 922 | |a 1ΕΛΗ |b 200801 |c ΕΠΕΑΕΚ2/ΤΚΑ |d ΕΛΕΥΘΕΡΟΥΔΑΚΗΣ | ||
| 970 | |a ΧΑΤΖΗΜΙΧΑΗΛ |b ΜΑΡΙΑ |z 2008/06/25 | ||